• 首页
  • 本馆介绍
  • 公告通知
  • 最新文献
  • 馆藏检索
  • 电子资源
  • 读者导购
  • 参考咨询
  • 我的图书馆
  • 登录
  • 详细信息显示
  • 放入我的书架
  • 预约/预借图书
  • 作者相关作品
  • 分类相关作品
  • 丛书相关作品
  • 出版社相关作品

书目信息

  • 表格格式
  • 工作单格式
  • 卡片格式
题名:
张量分析
    
 
作者: 黄克智 著
分册:  
出版信息: 北京   清华大学出版社  2003
页数: 285页
开本: 26cm
丛书名:
单 册:
中图分类: O183.2
科图分类:
主题词: 几何 , 拓扑
电子资源:
ISBN: 7-302-06463-6
000 00538nam0 2200205 450
001 0732828906
005 20070903090708.90
010    @a7-302-06463-6@d¥34.00
100    @a20070903d km y0chiy0120 ea
101 0  @achi
200 1  @a张量分析@Azhang liang fen xi@f黄克智著@Fhuang ke zhi zhu
205    @a2版
210    @a北京@c清华大学出版社@d2003
215    @a285页@d26cm
606 0  @a几何
606 0  @a拓扑
690    @aO183.2@v3
701  0 @a黄克智@Ahuang ke zhi@4著
801  0 @aCN@bPFT@c20070903
905    @a213230@dO183.2@eS151@f1
    
    张量分析/黄克智著.-2版.-北京:清华大学出版社,2003
    285页;26cm
    
    
    ISBN 7-302-06463-6:¥34.00
    
●
相关链接 在E读中查询图书 在五车中查询图书 在当当中查询图书 在豆瓣中查询图书


正题名:张量分析     索取号:O183.2/S151         预约/预借

序号 登录号 条形码 馆藏地/架位号 状态 备注
1 6702939   267029397   密集书库-数信学院/ [索取号:O183.2/S151] 在馆    
2 6702940   267029404   密集书库-数信学院/ [索取号:O183.2/S151] 在馆    
唐山师范学院图书馆 欢迎您!
大连网信软件有限公司© 版权所有